| 000 | 00000nam 2200000za 4500 |
| 001 | 9.816887 |
| 003 | CaOODSP |
| 005 | 20221107142341 |
| 007 | cr ||||||||||| |
| 008 | 160504s2004 onc #o f000 0 fre d |
| 040 | |aCaOODSP|bfre |
| 043 | |an-cn--- |
| 086 | 1 |aE2-491/2004F-PDF |
| 110 | 1 |aCanada.|bAffaires étrangères et Commerce international.|bBureau de l'inspecteur général. |
| 245 | 10|aÉvaluation, Financement de l'intégrité des programmes I |h[ressource électronique] : |brapport final / |cAffaires étrangères Canada et Commerce international Canada, Bureau de l'inspecteur général, Direction de l'évaluation (SIE). |
| 260 | |a[Ottawa] : |bAffaires étrangères et commerce international Canada, |c2004. |
| 300 | |avi, 53, [4] p. |
| 500 | |aPubli. aussi en anglais sous le titre : Evaluation of the Program Integrity Funding I. |
| 500 | |a« Mars 2004. » |
| 692 | 07|2gccst|aFinancement |
| 692 | 07|2gccst|aServices gouvernementaux |
| 775 | 08|tEvaluation of the Program Integrity Funding I |w(CaOODSP)9.816787 |
| 856 | 40|qPDF|s175 Ko|uhttps://publications.gc.ca/collections/collection_2016/amc-gac/E2-491-2004-fra.pdf |